Statistics for Brawl Stars Quiz 2024

Click here to take the quiz!

General Stats

  • This quiz has been taken 256 times
  • The average score is 10 of 15

Answer Stats

QuestionAnswer% Correct
Which brawler has the highest amount of HP in the game?Frank
96%
Which brawler is unlocked through connecting your account to Supercell ID?Barley
91%
What is the best game made by Supercell?Brawl Stars
83%
Which of these brawlers can walk on water?Eve
83%
What is considered to be the rarest skin in brawl stars?Star Shelly
82%
At which rank is 1000 trophies?Rank 30
80%
Which of these brawlers can generate their super over time (without attacking)?Chuck
75%
Which of these brawlers wasn't a chromatic brawler in the past?Doug
73%
Which brawler was released in the most RECENT Brawlidays update (December 2023)?Mico
66%
Which division won the 2023 Brawl Stars world finals?ZETA
61%
Which of these skins is a legendary skin?Evil Queen Pam
58%
Who was the first player to achieve the milestone of 100k trophies?Hyra
58%
Who is number 1 global in total trophies?Juan Carlos
54%
How many rarities are currently in the game?5
44%
Which of these brawlers isn't an artilleryWillow
32%

Score Distribution

Percentile by Number Answered

Percent of People with Each Score

Your Score History

You have not taken this quiz